000 00350nam a2200121Ia 4500
008 190722s9999 xx 000 0 und d
020 _a978-81-239-2791-6
100 _aDr. Sudhir Kumar Pundir
245 2 _aA Competitive Approach To Linear Algebra
260 _aNew Delhi
_bCBS Publishers & Distributors Pvt. Ltd.
_c2015
300 _a711
942 _cBK
999 _c1066
_d1066